Normal view
MARC view
- Muhammad Zubair Khan
Entry Personal Name
001 - CONTROL NUMBER
- control field: 15529
003 - CONTROL NUMBER IDENTIFIER
- control field: NUST
005 - DATE AND TIME OF LATEST TRANSACTION
- control field: 20190625094735.0
008 - FIXED-LENGTH DATA ELEMENTS
- fixed length control field: 190625|| aca||aabn | a|a d
040 ## - CATALOGING SOURCE
- Original cataloging agency: NUST
- Transcribing agency: NUST
100 ## - HEADING--PERSONAL NAME
- Personal name: Muhammad Zubair Khan
670 ## - SOURCE DATA FOUND
- Source citation: Work cat.: (NUST): Muhammad Zubair Khan, TOWARDS SERVICE EVALUATION AND RANKING MODEL FOR CLOUD INFRASTRUCTURE SELECTION /, 2015.
